Записки Шиллинга М. Ф. - выписки из сочинения Ф. Петручелли делла Гаттина, Брюссель 1866 "Дипломатическая история конклавов". /И...

Доступно только в Электронных читальных залах Найти на картеНа карте
RUSMARC
00004446nac2a22003013x 450
001d662ed79-fded-4a96-a1ad-0d33d0bd0012
00520211213193111.0
100##$a20211120l1817 k y0rusy50 ca
1010#$aita
102##$aRU
105##$ay z |||||
1222#$ad18171231
$ad19171231
2001#$aЗаписки Шиллинга М. Ф. - выписки из сочинения Ф. Петручелли делла Гаттина, Брюссель 1866 "Дипломатическая история конклавов". /Итал. /
$j[18--]
215##$a4 листа
251##$cДело
300##$aЗаголовок дела на папке: Записки Шиллинга М. Ф. - выписки из сочинения Ф. Петручелли делла Гаттина Брюссель 1866 "Дипломатическая история конклавов"
300##$aТекст на итальянском языке
300##$aНа папке дела: Без даты
300##$aРукописный текст
330##$aВходит в раздел описи: 3. Документы о научной и литературной деятельности барона Шиллинга М. Ф.
461#0$1001ff9fc58f-089b-437b-980d-902343bc59d8
$12001
$aШиллинг Маврикий Фабианович, барон, секретарь русского посольства в Вене
$1251
$cФонд
$1852
$j813
462#0$1001665c067c-d934-4316-b9df-5bf0ad49190b
$12001
$aДела постоянного хранения. 1817-1917
$vД. 81
$1251
$cОпись
$1852
$j1
5171#$aЗаписки Шиллинга М. Ф. - выписки из сочинения Ф. Петручелли делла Гаттина Брюссель 1866 "Дипломатическая история конклавов"
600#1$aШиллинг
$bМ. Ф.
$cбарон
$gМаврикий Фабианович
600#1$aПетручелли делла Гаттина
$bФ.
801#0$aRU
$bGA_RF
801#1$aRU
$bГлавНИВЦ
$c20211120
$2rusmarc
801#2$aRU
$bПБ им. Б.Н. Ельцина
$c20211213
$gRCR
$2rusmarc
852##$aГА РФ
$j81
937##$d171546161
$hГАРФ
035##$aRuPRLIB51060967
856##$uhttp://readingroom.main.prlib.ru/item.aspx?id_node=n171546161&mode=full
Формат отображения